Stemmi Squadre di calcio dal dettaglio - Italia - Quiz n°7 - Statistics

Statistiche generali
  • Questo quiz è stato fatto 44 volte
  • Il punteggio medio è 6 su 9
Statistiche sulle risposte
con Immagini Risposta % Corretto
Roma
100%
Napoli
95%
Genoa
92%
Bari
87%
Pro Vercelli
66%
Pro Patria
50%
Rimini
50%
Ancona
47%
Trapani
42%
Nessun quiz corrispondente trovato
Distribuzione punteggi
Percentuale di utenti per punteggio
Percentile per numero di risposta
I tuoi punteggi nel tempo
Non hai fatto questo quiz